000 00307nam a22001337a 4500
008 170411b xxu||||| |||| 00| 0 eng d
020 _a9780894808296
041 _aeng
080 _a618
100 _a10
101 _aSHM
245 _aWHAT EXPECT WHEN YOU RE EXPECTING
_cEISENBERG.A
942 _2udc
_cBK
999 _c10380
_d10380